Formula 1 Driver 2023 - Statistics

General Stats
  • This quiz has been taken 192 times
    141 since last reset
  • The average score is 19 of 20
Answer Stats
Team Driver % Correct
๐Ÿ‡น๐Ÿ‡ญ Williams Alexander Albon
96%
๐Ÿ‡ฌ๐Ÿ‡ง Mercedes Lewis Hamilton
96%
๐Ÿ‡ช๐Ÿ‡ธ Ferrari Carlos Sainz
95%
๐Ÿ‡ฒ๐Ÿ‡จ Ferrari Charles Leclerc
95%
๐Ÿ‡ช๐Ÿ‡ธ Aston Martin Fernando Alonso
95%
๐Ÿ‡ฌ๐Ÿ‡ง Mercedes George Russell
95%
๐Ÿ‡ฌ๐Ÿ‡ง McLaren Lando Norris
95%
๐Ÿ‡ณ๐Ÿ‡ฑ Red Bull Max Verstappen
95%
๐Ÿ‡ซ๐Ÿ‡ท Alpine Pierre Gasly
95%
๐Ÿ‡ฒ๐Ÿ‡ฝ Red Bull Sergio Perez
95%
๐Ÿ‡ซ๐Ÿ‡ฎ Alfa Romeo Valtteri Bottas
95%
๐Ÿ‡ซ๐Ÿ‡ท Alpine Esteban Ocon
94%
๐Ÿ‡จ๐Ÿ‡ฆ Aston Martin Lance Stroll
93%
๐Ÿ‡ฉ๐Ÿ‡ฐ Haas Kevin Magnussen
91%
๐Ÿ‡ฉ๐Ÿ‡ช Haas Nico Hรผlkenberg
91%
๐Ÿ‡ฏ๐Ÿ‡ต AlphaTauri Yuki Tsunoda
91%
๐Ÿ‡ฆ๐Ÿ‡บ McLaren Oscar Piastri
90%
๐Ÿ‡จ๐Ÿ‡ณ Alfa Romeo Zhou Guanyu
89%
๐Ÿ‡บ๐Ÿ‡ธ Williams Logan Sargeant
87%
๐Ÿ‡ณ๐Ÿ‡ฑ AlphaTauri Nyck de Vries
82%
No matching quizzes found
Score Distribution
Percent of People with Each Score
Percentile by Number Answered
Your Score History
You have not taken this quiz since the last reset